| 000 | 01309cad a22002295a 4500 | ||
|---|---|---|---|
| 001 | L154141 | ||
| 008 | 111018s2011 xxk f 000 0 eng d | ||
| 035 | _a(Sirsi) u154141 | ||
| 041 | 0 | _aeng | |
| 110 | 2 |
_aChartered Institute of Housing _92394 |
|
| 245 | 0 | 4 |
_aThe housing report _bEdition 1 October 2011 _h[electronic resource] |
| 260 |
_aLondon _bCIH _bNHF _bShelter _c2011 |
||
| 505 | 2 | _aIntroduction --Summary of findings -- Housing Supply -- Planning -- Overcrowding -- Homelessness -- Evictions, repossessions and arrears -- Help with housing costs -- Empty homes -- Mobility -- Affordability of private rented sector -- Homeownership -- Conclusions -- Appendix | |
| 520 | _aAssesses how the Coalition Government has fared in meeting its stated housing objectives including ensuring sufficient housing supply, tackling homelessness and improving affordability in the private rented sector. | ||
| 590 | _aKA NTK | ||
| 651 | 4 |
_aEngland and Wales _y1543- |
|
| 690 | _aPROPERTY-RESIDENTIAL PROPERTY-DOMESTIC RESIDENTIAL PROPERTY-HOUSING | ||
| 710 | 1 |
_aNational Housing Federation _9695 |
|
| 710 | 1 |
_aShelter _92788 |
|
| 856 | 4 | 0 |
_uhttps://england.shelter.org.uk/__data/assets/pdf_file/0011/387992/The_Housing_Report_October_2011.pdf _zView the item free of charge at england.shelter.org.uk |
| 942 | _n0 | ||
| 999 |
_c112861 _d112861 |
||